| 000 | 01211cad a22002775a 4500 | ||
|---|---|---|---|
| 001 | L127999 | ||
| 008 | 041116s2004 xxk 000 0 eng u | ||
| 020 | _a1851127496 | ||
| 035 | _a(Sirsi) u127999 | ||
| 041 | _aeng | ||
| 050 |
_a306.1 _c18 |
||
| 110 |
_aUnited Kingdom _bOffice of the Deputy Prime Minister |
||
| 245 | 0 | 0 |
_aUsing geographic information systems in market renewal _h[electronic resource] |
| 260 |
_aLondon _bODPM _c2004 |
||
| 520 | _aThis report provides examples from the housing market renewal Pathfinders of how Geographic Information Systems (GIS) can be used to support market renewal. It also explains some of challenges in using GIS that stakeholders should be aware of. View at www.odpm.gov.uk. | ||
| 650 | _aGIS | ||
| 650 | _aPATHFINDER PROJECTS | ||
| 650 | _aHOUSING DEMAND | ||
| 650 | _aLOW DEMAND | ||
| 650 | _aSTRATEGIC PLANNING | ||
| 650 | _aMARKET RENEWAL PATHFINDER AREAS | ||
| 690 | _aPROPERTY-RESIDENTIAL PROPERTY-RESIDENTIAL PROPERTY MARKET | ||
| 710 |
_aInformed Solutions _94656 |
||
| 856 |
_uhttps://www.communities.gov.uk/archived/publications/housing/usinggeographicalinformation _zView the report free of charge at www.communities.gov.uk |
||
| 942 | _n0 | ||
| 999 |
_c103855 _d103855 |
||